| 000 | 00808nam a2200229 a 4500 | ||
|---|---|---|---|
| 001 | 9417 | ||
| 003 | BD-RjUL | ||
| 005 | 20211208234756.0 | ||
| 008 | 190227s1915 ii a 001 0 eng d | ||
| 035 | _a(BD-RjUL)9462 | ||
| 040 |
_aBD-RjUL _cBD-RjUL _dBD-RjUL _beng |
||
| 041 | _aeng | ||
| 082 |
_223 _a324.254083 _bMAI 1915 |
||
| 100 | 1 |
_aMazumdar, Amvika Charan, _d1851-1922, _9228728 |
|
| 245 | 1 | 0 |
_aIndian national evolution : _ba brief survey of the origin and progress of the Indian National Congress / _cby Amvika Charan Mazumdar. |
| 250 | _a1st ed. | ||
| 260 |
_aMadras : _bG.A. Natesan, _c[1915] |
||
| 300 |
_aiii, 463, lxiii p. : _bill. ; _c19 cm |
||
| 650 |
_aIndian National Congress _xHistory _y1885-1914 _9228731 |
||
| 651 | 0 |
_aIndia _xPolitics and government _y1857-1919. _9228730 |
|
| 942 |
_2ddc _cRAR |
||
| 999 |
_c9417 _d9417 |
||